000 01461 a2200241 4500
001 106503
020 _a9788574120980
041 _apor
082 _a028.5
100 _aWild, Margaret.
520 _aSeu Totó não é um homem como outro qualquer, a começar pelo seu nome: Totó!? E lá isso é nome de gente?! É sim, é o nome do Seu Totó, um verdadeiro apaixonado por cachorros, ou melhor, por cachorros daqueles bem pequenininhos. Ele é o dono de dois deles: Bife e Bufe. Não há lugar para onde vá que Seu Totó não leve Bife e Bufe. Para conseguir transportá-los, faça sol ou faça chuva, Seu Totó veste um casaco enorme, que tem dois bolsos enormes. Em cada bolso enorme, um dos cachorrinhos pequenininhos. É assim, com um filhote em cada enorme bolso do enorme casaco, que Seu Totó sai a caminhar para todo lado. Mas, um dia, um acidente inesperado: um furo no bolso direito acaba virando um buracão e, por ele, Bife cai no chão.
521 _aIK
697 _aLiteratura infanto-juvenil
856 _u00000f/00000f14.jpg
040 _aBR-BrIDEA
_cBR-BrIDEA
090 _aAP SK 028
_bWIL
240 1 0 _aThe pocket dogs
_lPortuguês
245 1 0 _aFilhotes de bolso
_cMargaret Wild; ilustrações de Stephen Michael King; tradução de Gilda de Aquino
260 _aSão Paulo
_bBrinque-Book
_c2002
300 _a32 p.
_bil. color.
700 _aKing, Stephen Michael
_d1963
_eilustrador
_aAquino, Gilda de
_etradutor
942 _cBK
999 _c106503
_d106503